Statistics for 日本代表ゴール数ランキング

Click here to take the quiz!

General Stats

  • This quiz has been taken 59 times
  • The average score is 8 of 20

Answer Stats

HintAnswerゴール数試合数A代表初出場% Correct
5本田圭佑37982008
98%
3岡崎慎司501192008
80%
6香川真司31972008
80%
2三浦知良55891990
75%
1釜本邦茂75761964
61%
12中山雅史21531990
59%
18遠藤保仁151522002
59%
10中村俊輔24982000
57%
4原博実37751978
48%
9大迫勇也25572013
43%
14南野拓実17372015
43%
14中澤佑二171101999
34%
11高原直泰23572000
32%
14柳沢敦17581998
23%
17玉田圭司16722004
23%
8木村和司26541979
14%
7高木琢也27441992
7%
13宮本輝紀19581961
7%
18杉山隆一15561961
2%
18碓井博之15381974
2%

Score Distribution

Percentile by Number Answered

Percent of People with Each Score

Your Score History

You have not taken this quiz